00956nam a2200265Ia 4500003000400000005001700004008004100021020001800062040000700080041000800087082002200095100004300117245005600160250000600216260004200222300001700264365001300281650002100294650002100315906005900336942001200395999001900407952013200426952013200558OSt20230626103825.0210423s9999 xx 000 0 und d a9788120344020 cAL aeng a330.15 223bHUNE aHUNT (E K);LAUTZENHEISER (Mark)993608 aHistory of economic thought: a critical perspective a3 aNew DelhibPHI Learning Pvt Ltdc2013 axxiv,579bPB b395cINR aEconomics993609 aEconomics993609 acritical ; economic ; History ; perspective ; thought: 2ddccBK c161159d161159 001040708ECOaSACPGbSACPGd2013-03-21eAthulya Booksg395.00l0o330.15 HUNEpPG007640r2022-08-24 00:00:00w2021-04-26yBK 001040708ECOaSACPGbSACPGd2013-03-21eAthulya Booksg395.00l0o330.15 HUNEpPG007641r2022-08-24 00:00:00w2021-04-26yBK